|
|
|
|
| LEADER |
00000nam0a2200000 4500 |
| 001 |
211866 |
| 005 |
20231101225719.0 |
| 010 |
|
|
|a 9785845917584
|
| 035 |
|
|
|a (RuTPU)RU\TPU\book\231467
|
| 090 |
|
|
|a 211866
|
| 100 |
|
|
|a 20120321d2012 km y0rusy50 ca
|
| 101 |
1 |
|
|a rus
|c eng
|
| 102 |
|
|
|a RU
|
| 105 |
|
|
|a a z 001zy
|
| 200 |
1 |
|
|a ASP.NET MVC 3 Framework с примерами на C# для профессионалов
|e пер. с англ.
|f А. Фримен, С. Сандерсон
|
| 205 |
|
|
|a 3-е изд.
|
| 210 |
|
|
|a Москва
|c Вильямс
|d 2012
|
| 215 |
|
|
|a 667 с.
|c ил.
|
| 225 |
1 |
|
|a Для профессионалов
|
| 320 |
|
|
|a Предметный указатель: с. 663-667.
|
| 330 |
|
|
|a Эта книга посвящена особенностям архитектуры последней версии веб-платформы ASP.NET от Microsoft. В ней предложен практический подход, позволяющий глубоко освоить эту высокопроизводительную модель программирования, которая способствует построению более чистой кодовой архитектуры, обеспечивает разработку, управляемую тестами, и допускает повсеместную расширяемость. В книге демонстрируются основные концепции архитектуры "модель-представление-контроллер" (MVC) в действии. В вашем распоряжении — расширенное учебное руководство, позволяющее скомбинировать возможности ASP.NET MVC и новейшие средства языка С# вместе с наилучшими методиками модульного тестирования. Получив этот практически бесценный опыт, вы сможете по достоинству оценить как сильные, так и слабые стороны MVC, и успешно воплотить обретенные знания в реальных проектах.
|
| 606 |
1 |
|
|a Сайты
|x Разработка
|2 stltpush
|3 (RuTPU)RU\TPU\subj\53315
|9 71630
|
| 606 |
|
|
|a Платформа .NET
|2 stltpush
|3 (RuTPU)RU\TPU\subj\67723
|9 83415
|
| 610 |
1 |
|
|a ASP.NET MVC 3 Framework
|
| 610 |
1 |
|
|a архитектура
|
| 610 |
1 |
|
|a веб-платформы
|
| 610 |
1 |
|
|a безопасность
|
| 610 |
1 |
|
|a развертывание
|
| 610 |
1 |
|
|a возможности
|
| 610 |
1 |
|
|a использование
|
| 675 |
|
|
|a 004.738.1
|v 4
|
| 675 |
|
|
|a 004.4'2
|v 4
|
| 700 |
|
1 |
|a Фримен
|b А.
|g Адам
|
| 701 |
|
1 |
|a Сандерсон
|b С.
|g Стивен
|
| 801 |
|
1 |
|a RU
|b 63413507
|c 20120321
|
| 801 |
|
2 |
|a RU
|b 63413507
|c 20200604
|g RCR
|
| 942 |
|
|
|c BK
|
| 959 |
|
|
|a 44/20120321
|d 1
|e 1058,00
|f ЧЗТЛ:1
|